| 000 | 01200cam a2200289 a 4500 | ||
|---|---|---|---|
| 999 |
_c126326 _d126326 |
||
| 001 | 4926781 | ||
| 003 | ARRUPE | ||
| 005 | 20170322112523.0 | ||
| 008 | 950907s1995 gaua b 001 0deng | ||
| 010 | _a 95041832 | ||
| 020 | _a0865544964 (alk. paper) | ||
| 040 |
_aDLC _cDLC _dDLC |
||
| 050 | 0 | 0 |
_aBT1117 _b.S55 1995 |
| 082 | 0 | 0 |
_a239/.092/2 _221 |
| 100 | 1 |
_aSims, John _q(John A.) _929506 |
|
| 245 | 1 | 0 |
_aMissionaries to the skeptics : _bChristian apologists for the twentieth century : C.S. Lewis, Edward John Carnell, and Reinhold Niebuhr / _cJohn A. Sims. |
| 260 |
_aMacon, Ga. : _bMercer University Press, _cc1995. |
||
| 300 |
_avii, 234 p. : _bill. ; _c23 cm. |
||
| 504 | _aIncludes bibliographical references and index. | ||
| 600 | 1 | 0 |
_aLewis, C. S. _q(Clive Staples), _d1898-1963. _921448 |
| 600 | 1 | 0 |
_aCarnell, Edward John, _d1919-1967. _929507 |
| 600 | 1 | 0 |
_aNiebuhr, Reinhold, _d1892-1971. _929508 |
| 650 | 0 |
_aApologetics _xHistory _y20th century. _912033 |
|
| 906 |
_a7 _bcbc _corignew _d1 _eocip _f19 _gy-gencatlg |
||
| 942 |
_2lcc _cMONOGRAPH |
||